000
00473nam a2200133Ia 4500
008
100328s9999 xx 000 0 und d
082
_b
54179
100
_a
चौधरी बनवारीलाल
245
_a
केळीची लागवड व व्यापार
260
_b
उदयम
630
_a
केळीची लागवड व व्यापार
730
_a
केळीची लागवड व व्यापार
942
_c
BOOK
999
_c
540902
_d
540899